000 00713nam a2200229 a 4500
001 000004631
005 20240412074202.0
008 090724s2008 ag r 000 p spa d
020 _a9781597543156
040 _aDO-SdBNP
_bspa
_cBNPHU
082 _aRD861.44
_bF248e
100 1 _aFasciolo, Guillermina
_913501
245 1 4 _aLos elegidos /
_cGuillermina Fasciolo.
260 _aBuenos Aires, Argentina :
_bLibrosenred,
_c2008.
300 _a75 p. ;
_c22 cm.
490 1 _aBiblioteca Latinoamericana
590 _aInventariado, 2018/BT
650 0 _aPoesía dominicana
_966
650 0 _aLiteratura dominicana.
_967
830 0 _aBiblioteca Latinoamericana
_913502
910 _aValidado. Control de calidad. MFF
999 _c4439
_d4439